| 000 | 00536cam a22001691 4500 | ||
|---|---|---|---|
| 082 |
_a940.5423 _bJAM _cL-30<p-51 |
||
| 100 | 2 |
_aBrett-James, Antony, _948992 |
|
| 245 | 1 | 0 | _aReport my signals. |
| 260 |
_aLondon, _bH. Locke _c[1948] |
||
| 300 |
_aviii, 352 p. _bports., maps. _c23 cm. |
||
| 500 | _aIncludes index. | ||
| 526 |
_a0 _b0 _c0 _d940_542300000000000_JAM |
||
| 650 | 0 |
_aMCE _9379 |
|
| 650 | 0 |
_aWorld War, 1939-1945 _xCommunications. _949044 |
|
| 650 | 0 |
_aWorld War, 1939-1945 _xRegimental histories _zIndia. _949045 |
|
| 942 |
_2ddc _cBK |
||
| 999 |
_c551876 _d551876 |
||